[Event "POL-chT 47th"]
[Site "Mikolajki"]
[Date "1991.09.??"]
[Round "9"]
[White "Cichocki, Adam"]
[Black "Luczak, Andrzej"]
[Result "0-1"]
[WhiteElo "2290"]
[BlackElo "2350"]
[PlyCount "51"]
[EventDate "1991.09.20"]
[EventType "team-swiss"]
[EventRounds "9"]
[EventCountry "POL"]
[SourceTitle "EXT 2019"]
[Source "ChessBase"]
[SourceDate "2018.10.10"]
[SourceVersion "1"]
[SourceVersionDate "2018.10.10"]
[SourceQuality "1"]
[WhiteTeam "Slupsk Piast"]
[BlackTeam "Lodz Anilana"]
[WhiteTeamCountry "POL"]
[BlackTeamCountry "POL"]

1. d4 Nf6 2. c4 e6 3. Nf3 d5 4. g3 dxc4 5. Bg2 a6 6. 0-0 b5 7. Ne5 Nd5 8. a4 Bb7 9. b3 c3 10. axb5 axb5 11. Rxa8 Bxa8 12. e4 b4 13. exd5 Bxd5 14. Bxd5 Qxd5 15. Qh5 g6 16. Qe2 Bg7 17. Nd3 Nc6 18. Nxb4 Nxb4 19. Nxc3 Qa5 20. Qc4 0-0 21. Bf4 Rc8 22. Nd5 Nxd5 23. Be5 Bf8 24. Rc1 Bh6 25. Rd1 Qa2 26. Rf1 0-1

[Event "POL-chT 47th"]
[Site "Mikolajki"]
[Date "1991.09.??"]
[Round "3"]
[White "Piesina, Gintautas"]
[Black "Luczak, Andrzej"]
[Result "0-1"]
[WhiteElo "2415"]
[BlackElo "2350"]
[PlyCount "78"]
[EventDate "1991.09.20"]
[EventType "team-swiss"]
[EventRounds "9"]
[EventCountry "POL"]
[SourceTitle "EXT 2019"]
[Source "ChessBase"]
[SourceDate "2018.10.10"]
[SourceVersion "1"]
[SourceVersionDate "2018.10.10"]
[SourceQuality "1"]
[WhiteTeam "Gryfow Slaski Hetman"]
[BlackTeam "Lodz Anilana"]
[WhiteTeamCountry "POL"]
[BlackTeamCountry "POL"]

1. c4 e6 2. Nc3 Bb4 3. Qc2 Nf6 4. a3 Bxc3 5. Qxc3 c5 6. g3 d5 7. cxd5 Qxd5 8. Nf3 Nc6 9. b4 cxb4 10. axb4 e5 11. Bb2 0-0 12. Bg2 Nd4 13. Ra5 b5 14. Nh4 Ne4 15. Qd3 Bb7 16. Bxd4 exd4 17. Rxb5 Qc6 18. 0-0 Rfe8 19. Ra5 Qb6 20. Nf3 Rad8 21. Rfa1 a6 22. R5a4 h6 23. Ne1 Qf6 24. Bf3 Rd6 25. Ra5 Rdd8 26. Rc1 Qb6 27. Raa1 Qxb4 28. Rc7 Qb6 29. Rac1 Bd5 30. Ng2 Nc3 31. R7xc3 Bxf3 32. Rb3 Bxe2 33. Qb1 Bb5 34. Nf4 Qa5 35. Qf5 Qxd2 36. Rbb1 Qa5 37. Nh5 Qb6 38. Qg4 Qg6 39. Qf3 Kf8 0-1

[Event "Cappelle op 05th"]
[Site "Cappelle la Grande"]
[Date "1989.??.??"]
[Round "?"]
[White "Luczak, Andrzej"]
[Black "Haba, Petr"]
[Result "1/2-1/2"]
[WhiteElo "2315"]
[BlackElo "2480"]
[PlyCount "114"]
[EventDate "1989.02.??"]
[EventType "swiss"]
[EventRounds "9"]
[EventCountry "FRA"]
[SourceTitle "TD"]
[Source "ChessBase"]
[SourceDate "1994.03.01"]
[SourceVersion "1"]
[SourceVersionDate "1994.03.01"]
[SourceQuality "1"]

1. e4 e5 2. Nf3 Nc6 3. Bb5 Nd4 4. Nxd4 exd4 5. 0-0 Bc5 6. d3 c6 7. Bc4 d5 8. Bb3 Ne7 9. f4 f5 10. e5 Be6 11. Kh1 Ng6 12. c3 Qe7 13. cxd4 Bxd4 14. Nc3 Nf8 15. Rb1 Rd8 16. Ne2 Bb6 17. d4 Nd7 18. Bc2 0-0 19. b4 Bc7 20. g4 g6 21. Ng3 Qh4 22. gxf5 gxf5 23. Bd2 Rf7 24. Qf3 Kh8 25. Rg1 Rg8 26. Ne2 Rg6 27. Rg3 Rxg3 28. Nxg3 Qh3 29. Rg1 Nf8 30. Qf2 Bd8 31. Ne2 Ng6 32. Rg3 Bh4 33. Rxh3 Bxf2 34. Kg2 Bh4 35. Rb3 a6 36. a4 Bd7 37. Ng3 Nf8 38. Be3 Ng6 39. Bd3 Be6 40. Kf3 Rf8 41. Rb1 Be7 42. Bd2 Nh4+ 43. Ke2 Ra8 44. Rc1 Rc8 45. Rc2 Kg7 46. Kf2 Kf7 47. Bf1 Bd8 48. Ne2 Bb6 49. Bc3 Rg8 50. Nc1 Ng6 51. Nd3 Bc8 52. Ke3 Nf8 53. Rg2 Rxg2 54. Bxg2 Be6 55. Bf1 Nd7 56. Nc5 Bxc5 57. bxc5 Nf8 1/2-1/2

[Event "Cappelle op 05th"]
[Site "Cappelle la Grande"]
[Date "1989.??.??"]
[Round "?"]
[White "Tibensky, Robert"]
[Black "Luczak, Andrzej"]
[Result "0-1"]
[WhiteElo "2395"]
[BlackElo "2315"]
[PlyCount "80"]
[EventDate "1989.02.??"]
[EventType "swiss"]
[EventRounds "9"]
[EventCountry "FRA"]
[SourceTitle "TD"]
[Source "ChessBase"]
[SourceDate "1994.03.01"]
[SourceVersion "1"]
[SourceVersionDate "1994.03.01"]
[SourceQuality "1"]

1. d4 Nf6 2. c4 e6 3. Nf3 d5 4. Nc3 Bb4 5. e3 c5 6. Bd3 0-0 7. 0-0 Nc6 8. a3 dxc4 9. axb4 cxd4 10. Bxc4 dxc3 11. bxc3 Qc7 12. Qe2 e5 13. e4 Bg4 14. Bb3 a5 15. b5 Nd8 16. Ba3 Re8 17. Qe3 Rc8 18. Rac1 b6 19. Nd2 Be6 20. c4 Nb7 21. Bb2 Nc5 22. f4 exf4 23. Rxf4 Nd3 24. Rxf6 Nxb2 25. Rf3 Red8 26. Rc2 Nd3 27. Rf1 Qc5 28. Qxc5 Nxc5 29. Ba2 h6 30. e5 Nd3 31. Bb3 a4 32. Bxa4 Nc5 33. Bb3 Nxb3 34. Nxb3 Rxc4 35. Rd2 Rxd2 36. Nxd2 Rc5 37. Nf3 Rxb5 38. Nd4 Rd5 39. Nc6 Kh7 40. Rb1 b5 0-1

[Event "POL-chT 43rd"]
[Site "Jachranka"]
[Date "1987.??.??"]
[Round "2"]
[White "Adamski, Jan"]
[Black "Luczak, Andrzej"]
[Result "1/2-1/2"]
[WhiteElo "2400"]
[BlackElo "2320"]
[PlyCount "43"]
[EventDate "1987.09.23"]
[EventType "team-tourn"]
[EventRounds "11"]
[EventCountry "POL"]
[SourceTitle "EXT 2019"]
[Source "ChessBase"]
[SourceDate "2018.10.10"]
[SourceVersion "1"]
[SourceVersionDate "2018.10.10"]
[SourceQuality "1"]
[WhiteTeam "Katowice Kolejarz"]
[BlackTeam "Lodz Anilana"]
[WhiteTeamCountry "POL"]
[BlackTeamCountry "POL"]

1. c4 e6 2. g3 Nf6 3. Bg2 d5 4. Nf3 Be7 5. d4 0-0 6. 0-0 dxc4 7. Qc2 a6 8. Qxc4 b5 9. Qc2 Bb7 10. Bg5 Nbd7 11. Bxf6 Nxf6 12. Nbd2 Rc8 13. Nb3 Be4 14. Qc3 c6 15. Rfd1 Nd5 16. Qc1 Qb6 17. Nc5 Bxc5 18. Qxc5 Qxc5 19. dxc5 Bxf3 20. Bxf3 Rfd8 21. Rac1 Kf8 22. Kf1 1/2-1/2

[Event "POL-chT 43rd"]
[Site "Jachranka"]
[Date "1987.??.??"]
[Round "11"]
[White "Luczak, Andrzej"]
[Black "Grossmann, Ryszard"]
[Result "1-0"]
[WhiteElo "2320"]
[BlackElo "2295"]
[PlyCount "155"]
[EventDate "1987.09.23"]
[EventType "team-tourn"]
[EventRounds "11"]
[EventCountry "POL"]
[SourceTitle "EXT 2019"]
[Source "ChessBase"]
[SourceDate "2018.10.10"]
[SourceVersion "1"]
[SourceVersionDate "2018.10.10"]
[SourceQuality "1"]
[WhiteTeam "Lodz Anilana"]
[BlackTeam "Wroclaw Maraton"]
[WhiteTeamCountry "POL"]
[BlackTeamCountry "POL"]

1. e4 e6 2. d4 d5 3. Nc3 Bb4 4. e5 Qd7 5. Qg4 Bf8 6. Nf3 b6 7. Bd2 Ba6 8. Bxa6 Nxa6 9. 0-0 Ne7 10. a4 c6 11. Ne2 Nf5 12. Nh4 Nc7 13. Rfc1 g6 14. Bg5 Be7 15. Bxe7 Qxe7 16. Nxf5 gxf5 17. Qf3 0-0-0 18. c4 Kb8 19. cxd5 Nxd5 20. Rxc6 Qb4 21. Qa3 Qd2 22. a5 Qxa5 23. Qxa5 bxa5 24. Rxa5 Rd7 25. Rb5+ Nb6 26. Kf1 Kb7 27. Rc2 Rg8 28. g3 Ka6 29. Rb3 Rgd8 30. Ke1 Rd5 31. Rc7 R8d7 32. Ra3+ Ra5 33. Rxa5+ Kxa5 34. Rxd7 Nxd7 35. Kd2 Kb4 36. Kc2 Kc4 37. b3+ Kb4 38. Kb2 a5 39. Nc1 Nb6 40. Nd3+ Kb5 41. Kc3 a4 42. bxa4+ Nxa4+ 43. Kb3 Nb6 44. Nf4 Nc8 45. Nh5 Ne7 46. Nf6 h6 47. Kc3 Kb6 48. h4 Kc7 49. h5 Kd8 50. Kc4 Nc8 51. Kc5 Ke7 52. g4 fxg4 53. Nxg4 Kf8 54. Nxh6 Ne7 55. Ng4 Kg7 56. Nf6 Nf5 57. Kc4 Kh6 58. f4 Ng3 59. Kd3 Nf5 60. Ke4 Ng3+ 61. Kd3 Nf5 62. Kc4 Ne3+ 63. Kc5 Kg7 64. d5 exd5 65. Nxd5 Nf5 66. Nf6 Nh6 67. Ne8+ Kf8 68. Nd6 Ke7 69. Kd5 Kf8 70. f5 Ke7 71. f6+ Kf8 72. Ke4 Ng4 73. Kf4 Nf2 74. h6 Kg8 75. Nxf7 Kxf7 76. h7 Nd3+ 77. Kf5 Nxe5 78. Kxe5 1-0

[Event "POL-chT 43rd"]
[Site "Jachranka"]
[Date "1987.??.??"]
[Round "10"]
[White "Szypulski, Andrzej"]
[Black "Luczak, Andrzej"]
[Result "0-1"]
[WhiteElo "2375"]
[BlackElo "2320"]
[PlyCount "64"]
[EventDate "1987.09.23"]
[EventType "team-tourn"]
[EventRounds "11"]
[EventCountry "POL"]
[SourceTitle "EXT 2019"]
[Source "ChessBase"]
[SourceDate "2018.10.10"]
[SourceVersion "1"]
[SourceVersionDate "2018.10.10"]
[SourceQuality "1"]
[WhiteTeam "Warszawa Legion"]
[BlackTeam "Lodz Anilana"]
[WhiteTeamCountry "POL"]
[BlackTeamCountry "POL"]

1. d4 Nf6 2. Nf3 e6 3. c4 d5 4. Nc3 c5 5. cxd5 Nxd5 6. e3 Nc6 7. Bc4 cxd4 8. exd4 Be7 9. 0-0 0-0 10. Re1 Nxc3 11. bxc3 b6 12. Bd3 Bb7 13. h4 Bxh4 14. Nxh4 Qxh4 15. Re3 g6 16. Rh3 Qe7 17. Bh6 Rfe8 18. Qd2 f6 19. Re1 Qf7 20. Rhe3 Na5 21. Qe2 Rac8 22. f4 f5 23. c4 b5 24. c5 Bd5 25. Bxb5 Nc6 26. Rd1 Qf6 27. Qd2 Rb8 28. a4 Rb7 29. Bxc6 Bxc6 30. d5 Rb2 31. Qa5 Qh4 32. Rd2 Rb1+ 0-1

[Event "POL-chT 42nd"]
[Site "Porabka"]
[Date "1986.10.??"]
[Round "4"]
[White "Luczak, Andrzej"]
[Black "Hawelko, Marek"]
[Result "1/2-1/2"]
[WhiteElo "2370"]
[BlackElo "2450"]
[PlyCount "81"]
[EventDate "1986.10.18"]
[EventType "team-tourn"]
[EventRounds "11"]
[EventCountry "POL"]
[SourceTitle "EXT 2019"]
[Source "ChessBase"]
[SourceDate "2018.10.10"]
[SourceVersion "1"]
[SourceVersionDate "2018.10.10"]
[SourceQuality "1"]
[WhiteTeam "Lodz Anilana"]
[BlackTeam "Swidnik Avia"]
[WhiteTeamCountry "POL"]
[BlackTeamCountry "POL"]

1. d4 d5 2. c4 c6 3. Nf3 Nf6 4. Nc3 e6 5. cxd5 exd5 6. Bg5 Be7 7. Qc2 g6 8. e3 Bf5 9. Bd3 Bxd3 10. Qxd3 0-0 11. Bxf6 Bxf6 12. b4 a6 13. 0-0 Be7 14. Rab1 Nd7 15. a4 Nb6 16. b5 cxb5 17. axb5 a5 18. Ne5 Bd6 19. f4 Qe7 20. Rf3 Rac8 21. Ne2 f6 22. Ng4 Qe4 23. Qd1 Qc2 24. Nf2 Qxd1+ 25. Nxd1 Rc2 26. Rf2 Rfc8 27. Kf1 Nc4 28. Nec3 Nd2+ 29. Ke1 Nxb1 30. Rxc2 Bb4 31. Ke2 Nxc3+ 32. Kd3 Kf7 33. g4 h5 34. h3 hxg4 35. hxg4 Ke6 36. Nxc3 Bxc3 37. Rxc3 Rxc3+ 38. Kxc3 Kd6 39. Kb3 Kc7 40. Ka4 f5 41. g5 1/2-1/2

[Event "POL-chT 40th"]
[Site "Jaszowiec"]
[Date "1984.10.??"]
[Round "?"]
[White "Hawelko, Marek"]
[Black "Luczak, Andrzej"]
[Result "1-0"]
[WhiteElo "2420"]
[BlackElo "2400"]
[PlyCount "53"]
[EventDate "1984.10.20"]
[EventType "team-tourn"]
[EventRounds "11"]
[EventCountry "POL"]
[SourceTitle "EXT 2019"]
[Source "ChessBase"]
[SourceDate "2018.10.10"]
[SourceVersion "1"]
[SourceVersionDate "2018.10.10"]
[SourceQuality "1"]
[WhiteTeam "Swidnik Avia"]
[BlackTeam "Lodz Start"]
[WhiteTeamCountry "POL"]
[BlackTeamCountry "POL"]

1. e4 e5 2. Nf3 Nc6 3. Bb5 a6 4. Ba4 Nf6 5. 0-0 Be7 6. Re1 b5 7. Bb3 0-0 8. c3 d6 9. h3 Nd7 10. d4 Nb6 11. Nbd2 exd4 12. cxd4 d5 13. exd5 Nxd5 14. Ne4 Bf5 15. Ne5 Nxe5 16. dxe5 Be6 17. Qh5 Qe8 18. Bg5 Bxg5 19. Qxg5 Kh8 20. Rad1 Nb6 21. Nf6 h6 22. Nxe8 hxg5 23. Nxc7 Bxb3 24. axb3 Ra7 25. e6 fxe6 26. Nxe6 Rf5 27. g4 1-0

[Event "Lodz-05"]
[Site "Lodz"]
[Date "1984.??.??"]
[Round "3"]
[White "Szypulski, Andrzej"]
[Black "Luczak, Andrzej"]
[Result "1/2-1/2"]
[WhiteElo "2480"]
[BlackElo "2395"]
[PlyCount "67"]
[EventDate "1984.04.??"]
[EventType "tourn"]
[EventRounds "11"]
[EventCountry "POL"]
[SourceTitle "EXT 2011"]
[Source "ChessBase"]
[SourceDate "2010.11.26"]
[SourceVersion "1"]
[SourceVersionDate "2010.11.26"]
[SourceQuality "1"]

1. d4 Nf6 2. Nf3 e6 3. c4 d5 4. Nc3 c5 5. cxd5 Nxd5 6. e4 Nxc3 7. bxc3 cxd4 8. cxd4 Nc6 9. Bc4 Bb4+ 10. Bd2 Qa5 11. d5 Bxd2+ 12. Qxd2 Qxd2+ 13. Kxd2 Na5 14. Bb5+ Ke7 15. Kc3 Rd8 16. Kb4 a6 17. Ba4 b6 18. Rad1 Bb7 19. d6+ Rxd6 20. Rxd6 Kxd6 21. Rd1+ Ke7 22. Rd7+ Kf8 23. Ng5 h6 24. Nxf7 Bxe4 25. f3 Bd5 26. Ne5 Bxa2 27. Rd2 Nc4 28. Nd7+ Ke7 29. Rxa2 Rc8 30. Re2 b5 31. Nc5 a5+ 32. Kxb5 Nd6+ 33. Kb6 Nc4+ 34. Kb5 1/2-1/2

[Event "POL-chT 37th"]
[Site "Lubniewice"]
[Date "1981.10.??"]
[Round "4"]
[White "Adamski, Jan"]
[Black "Luczak, Andrzej"]
[Result "1/2-1/2"]
[WhiteElo "2420"]
[BlackElo "2360"]
[PlyCount "41"]
[EventDate "1981.10.10"]
[EventType "team-swiss"]
[EventRounds "7"]
[EventCountry "POL"]
[SourceTitle "EXT 2019"]
[Source "ChessBase"]
[SourceDate "2018.10.10"]
[SourceVersion "1"]
[SourceVersionDate "2018.10.10"]
[SourceQuality "1"]
[WhiteTeam "Warszawa Legion"]
[BlackTeam "Lodz Start"]
[WhiteTeamCountry "POL"]
[BlackTeamCountry "POL"]

1. c4 e6 2. Nf3 Nf6 3. d4 d5 4. Nc3 c5 5. cxd5 Nxd5 6. e3 Nc6 7. Bc4 cxd4 8. exd4 Be7 9. 0-0 0-0 10. Re1 a6 11. a4 b6 12. Bd2 Bf6 13. Be3 Nxe3 14. fxe3 Bb7 15. Ne4 Be7 16. Rc1 Rc8 17. Qe2 Nb4 18. Nc3 Bf6 19. Red1 Qe7 20. Bb3 Rfd8 21. e4 1/2-1/2

[Event "POL-chT 37th"]
[Site "Lubniewice"]
[Date "1981.10.??"]
[Round "5"]
[White "Luczak, Andrzej"]
[Black "Jasnikowski, Zbigniew"]
[Result "1/2-1/2"]
[WhiteElo "2360"]
[BlackElo "2435"]
[PlyCount "57"]
[EventDate "1981.10.10"]
[EventType "team-swiss"]
[EventRounds "7"]
[EventCountry "POL"]
[SourceTitle "EXT 2019"]
[Source "ChessBase"]
[SourceDate "2018.10.10"]
[SourceVersion "1"]
[SourceVersionDate "2018.10.10"]
[SourceQuality "1"]
[WhiteTeam "Lodz Start"]
[BlackTeam "Wroclaw Hetman"]
[WhiteTeamCountry "POL"]
[BlackTeamCountry "POL"]

1. d4 Nf6 2. c4 g6 3. Nc3 d5 4. Nf3 Bg7 5. cxd5 Nxd5 6. e4 Nxc3 7. bxc3 c5 8. Be3 Qa5 9. Qd2 0-0 10. Rc1 cxd4 11. cxd4 Qxd2+ 12. Nxd2 e6 13. Nb3 b6 14. Bd3 Ba6 15. Ke2 Bxd3+ 16. Kxd3 Na6 17. a4 Rfc8 18. Rc4 Bf8 19. Rhc1 Nb4+ 20. Ke2 Rxc4 21. Rxc4 Bd6 22. Bd2 a5 23. Bxb4 axb4 24. Rc6 Be7 25. d5 exd5 26. exd5 Bd8 27. Rc4 Be7 28. Rc6 Bd8 29. Rc4 1/2-1/2

[Event "POL-chT 37th"]
[Site "Lubniewice"]
[Date "1981.10.??"]
[Round "2"]
[White "Luczak, Andrzej"]
[Black "Pytel, Krzysztof"]
[Result "0-1"]
[WhiteElo "2360"]
[BlackElo "2400"]
[PlyCount "90"]
[EventDate "1981.10.10"]
[EventType "team-swiss"]
[EventRounds "7"]
[EventCountry "POL"]
[SourceTitle "EXT 2019"]
[Source "ChessBase"]
[SourceDate "2018.10.10"]
[SourceVersion "1"]
[SourceVersionDate "2018.10.10"]
[SourceQuality "1"]
[WhiteTeam "Lodz Start"]
[BlackTeam "Swidnik Avia"]
[WhiteTeamCountry "POL"]
[BlackTeamCountry "POL"]

1. d4 Nf6 2. c4 g6 3. Nc3 Bg7 4. e4 d6 5. Be2 0-0 6. Nf3 e5 7. 0-0 Nc6 8. d5 Ne7 9. Bd2 Nh5 10. g3 f5 11. exf5 Nxf5 12. Ne4 Nf6 13. Bg5 h6 14. Bxf6 Bxf6 15. Rc1 Bg7 16. c5 dxc5 17. Rxc5 b6 18. Rc1 Bb7 19. Bc4 Kh7 20. Qb3 a6 21. Rfd1 Qe7 22. a4 Rad8 23. Re1 Kh8 24. Re2 Qd7 25. Rd1 g5 26. h3 Ne7 27. d6 Nc6 28. Be6 Qe8 29. d7 Qe7 30. Bg4 Nb8 31. Qd3 Bc6 32. Qc4 b5 33. Qc2 bxa4 34. Qc4 Bb5 35. Qc2 Bxe2 36. Qxe2 Nxd7 37. Qc4 Nb6 38. Qc2 Rxd1+ 39. Qxd1 Qb4 40. Qc2 Qb3 41. Qe2 Nc4 42. Nc5 Qxb2 43. Qe4 Nd6 44. Qg6 Qc1+ 45. Kg2 Qxc5 0-1

[Event "POL-chT 37th"]
[Site "Lubniewice"]
[Date "1981.10.??"]
[Round "6"]
[White "Pokojowczyk, Jerzy"]
[Black "Luczak, Andrzej"]
[Result "1-0"]
[WhiteElo "2430"]
[BlackElo "2360"]
[PlyCount "101"]
[EventDate "1981.10.10"]
[EventType "team-swiss"]
[EventRounds "7"]
[EventCountry "POL"]
[SourceTitle "EXT 2019"]
[Source "ChessBase"]
[SourceDate "2018.10.10"]
[SourceVersion "1"]
[SourceVersionDate "2018.10.10"]
[SourceQuality "1"]
[WhiteTeam "Bydgoszcz Lacznosc"]
[BlackTeam "Lodz Start"]
[WhiteTeamCountry "POL"]
[BlackTeamCountry "POL"]

1. e4 e5 2. Nf3 Nc6 3. Bc4 Nf6 4. d3 Be7 5. 0-0 0-0 6. Bb3 d5 7. exd5 Nxd5 8. Re1 Bg4 9. h3 Bh5 10. g4 Bg6 11. Nxe5 Nxe5 12. Rxe5 c6 13. Re1 f5 14. Nc3 Kh8 15. Nxd5 cxd5 16. Bf4 fxg4 17. Qxg4 Bc5 18. Bg3 Qb6 19. Re6 Bxf2+ 20. Kg2 Qd8 21. Rxg6 Bxg3 22. Rg5 Bc7 23. Rf1 Qd6 24. Rxf8+ Rxf8 25. Rf5 Qh2+ 26. Kf1 Qh1+ 27. Kf2 Bb6+ 28. d4 Bxd4+ 29. Ke2 Re8+ 30. Kd3 Bf6 31. Bxd5 Qc1 32. Be4 Qxb2 33. Rd5 Qc3+ 34. Ke2 Qxc2+ 35. Kf3 Qc3+ 36. Rd3 Qa1 37. Rd2 Rf8 38. Ke2 Bc3 39. Qf5 Qe1+ 40. Kxe1 Rxf5 41. Bxf5 g6 42. Bc8 b6 43. Ke2 Bxd2 44. Kxd2 Kg7 45. Kd3 Kf6 46. Kd4 Ke7 47. Ke5 Kd8 48. Ba6 Ke7 49. Bd3 Kd7 50. Kf6 Kd6 51. h4 1-0

[Event "POL-chT 37th"]
[Site "Lubniewice"]
[Date "1981.10.??"]
[Round "3"]
[White "Tomaszewski, Roman"]
[Black "Luczak, Andrzej"]
[Result "1-0"]
[WhiteElo "2385"]
[BlackElo "2360"]
[PlyCount "61"]
[EventDate "1981.10.10"]
[EventType "team-swiss"]
[EventRounds "7"]
[EventCountry "POL"]
[SourceTitle "EXT 2019"]
[Source "ChessBase"]
[SourceDate "2018.10.10"]
[SourceVersion "1"]
[SourceVersionDate "2018.10.10"]
[SourceQuality "1"]
[WhiteTeam "Czestochowa Skra-Komobex"]
[BlackTeam "Lodz Start"]
[WhiteTeamCountry "POL"]
[BlackTeamCountry "POL"]

1. d4 Nf6 2. c4 e6 3. Nf3 d5 4. Nc3 c5 5. cxd5 Nxd5 6. Nxd5 Qxd5 7. Qc2 Nc6 8. e4 Nxd4 9. Nxd4 Qxd4 10. Bd2 Bd7 11. Bc3 Qa4 12. b3 Qc6 13. Be2 0-0-0 14. 0-0 f6 15. e5 f5 16. Qb2 Kb8 17. a4 Qc7 18. Bc4 Be7 19. Rfc1 Rhe8 20. a5 Bg5 21. Rd1 Bc6 22. Rd6 Bd5 23. Bb5 Re7 24. b4 Rc8 25. h4 Bh6 26. Rd1 Ka8 27. Ba4 cxb4 28. Bxb4 Bc1 29. Qe2 Bc4 30. Qc2 Bd5 31. Rxc1 1-0

[Event "Leipzig DSV"]
[Site "Leipzig"]
[Date "1980.12.15"]
[Round "11"]
[White "Luczak, Andrzej"]
[Black "Vilela de Acuna, Jose Luis"]
[Result "1/2-1/2"]
[WhiteElo "2430"]
[BlackElo "2410"]
[PlyCount "53"]
[EventDate "1980.12.04"]
[EventType "tourn"]
[EventRounds "13"]
[EventCountry "DDR"]
[EventCategory "9"]
[SourceTitle "MCD"]
[Source "ChessBase"]
[SourceDate "1999.07.01"]
[SourceVersion "1"]
[SourceVersionDate "1999.07.01"]
[SourceQuality "1"]

1. e4 c5 2. Nf3 e6 3. d4 cxd4 4. Nxd4 Nc6 5. Nb5 d6 6. Bf4 e5 7. Be3 Nf6 8. Bg5 Be6 9. Nd2 a6 10. Nc3 Rc8 11. Nd5 Be7 12. Bxf6 Bxf6 13. Nc4 0-0 14. c3 Ne7 15. Nxf6+ gxf6 16. Ne3 Qb6 17. Qc2 d5 18. exd5 Nxd5 19. Nxd5 Bxd5 20. Bd3 e4 21. Be2 f5 22. 0-0 Qe6 23. Qd2 Bxa2 24. Rxa2 Qxa2 25. Qg5+ Kh8 26. Qf6+ Kg8 27. Qg5+ 1/2-1/2

[Event "Leipzig DSV"]
[Site "Leipzig"]
[Date "1980.12.08"]
[Round "5"]
[White "Luczak, Andrzej"]
[Black "Petrushin, Alexander I"]
[Result "0-1"]
[WhiteElo "2430"]
[BlackElo "2390"]
[PlyCount "72"]
[EventDate "1980.12.04"]
[EventType "tourn"]
[EventRounds "13"]
[EventCountry "DDR"]
[EventCategory "9"]
[SourceTitle "MCD"]
[Source "ChessBase"]
[SourceDate "1999.07.01"]
[SourceVersion "1"]
[SourceVersionDate "1999.07.01"]
[SourceQuality "1"]

1. d4 Nf6 2. c4 g6 3. Nc3 Bg7 4. e4 d6 5. Be2 0-0 6. Nf3 e5 7. 0-0 Nc6 8. d5 Ne7 9. Bd2 Nd7 10. b4 f5 11. Qb3 Nf6 12. exf5 Nxf5 13. Bd3 Nh5 14. g3 Bh6 15. Qc2 Bxd2 16. Qxd2 a5 17. Ne4 axb4 18. Qxb4 b6 19. Qc3 Bd7 20. Nfd2 Nfg7 21. Bc2 Bh3 22. Rfe1 Nf5 23. Nb3 Nfg7 24. a4 Nf6 25. a5 bxa5 26. Nxa5 Nxe4 27. Bxe4 Qf6 28. f3 Nf5 29. Nc6 Qg5 30. Kh1 Nh4 31. Rg1 Rxa1 32. Qxa1 Nxf3 33. Bxf3 Rxf3 34. Qb2 Qe3 35. Qb8+ Rf8 36. Qxc7 Qe4+ 0-1

[Event "Leipzig DSV"]
[Site "Leipzig"]
[Date "1980.12.07"]
[Round "4"]
[White "Vogt, Lothar"]
[Black "Luczak, Andrzej"]
[Result "1-0"]
[WhiteElo "2510"]
[BlackElo "2430"]
[PlyCount "79"]
[EventDate "1980.12.04"]
[EventType "tourn"]
[EventRounds "13"]
[EventCountry "DDR"]
[EventCategory "9"]
[SourceTitle "MCD"]
[Source "ChessBase"]
[SourceDate "1999.07.01"]
[SourceVersion "1"]
[SourceVersionDate "1999.07.01"]
[SourceQuality "1"]

1. e4 e5 2. Bc4 Nf6 3. d3 Nc6 4. Nc3 Na5 5. Nge2 Nxc4 6. dxc4 Be7 7. 0-0 d6 8. b3 0-0 9. Ng3 Re8 10. h3 Bf8 11. Be3 h6 12. a4 Be6 13. Qd2 Kh7 14. Rad1 Qe7 15. Kh1 a6 16. a5 Rac8 17. Na4 Rcd8 18. f3 g6 19. Qb4 Bc8 20. Rd3 Ng8 21. f4 exf4 22. Bxf4 Qe6 23. Qd2 Bd7 24. Nc3 Rc8 25. c5 Bc6 26. cxd6 cxd6 27. Bxd6 Bg7 28. Kh2 Red8 29. e5 Rd7 30. Nce2 Rcd8 31. Nd4 Qe8 32. Nxc6 bxc6 33. Qf4 Qe6 34. Kh1 Rc8 35. Ne4 Ra7 36. Nc5 Qe8 37. Rdf3 Kh8 38. Qd4 Kh7 39. Ne6 Rd7 40. Nxg7 1-0

[Event "Leipzig DSV"]
[Site "Leipzig"]
[Date "1980.12.04"]
[Round "1"]
[White "Luczak, Andrzej"]
[Black "Espig, Lutz"]
[Result "0-1"]
[WhiteElo "2430"]
[BlackElo "2440"]
[PlyCount "62"]
[EventDate "1980.12.04"]
[EventType "tourn"]
[EventRounds "13"]
[EventCountry "DDR"]
[EventCategory "9"]
[SourceTitle "MCD"]
[Source "ChessBase"]
[SourceDate "1999.07.01"]
[SourceVersion "1"]
[SourceVersionDate "1999.07.01"]
[SourceQuality "1"]

1. Nf3 c5 2. c4 g6 3. d4 cxd4 4. Nxd4 Bg7 5. e4 Nc6 6. Be3 Nf6 7. Nc3 Ng4 8. Qxg4 Nxd4 9. Qd1 e5 10. Nb5 0-0 11. Qd2 Qh4 12. Bd3 d5 13. Bg5 Qg4 14. f3 Qd7 15. Nxd4 dxe4 16. Bxe4 exd4 17. 0-0 Qc7 18. b3 a5 19. Bh6 Bxh6 20. Qxh6 Be6 21. Qg5 a4 22. Qb5 Rfd8 23. Rad1 axb3 24. axb3 Ra2 25. Rd3 Qf4 26. Rfd1 Bh3 27. g3 Qh6 28. Qb4 Rg2+ 29. Kh1 Re2 30. R3d2 Bg2+ 31. Kg1 Qe3# 0-1

[Event "Rubinstein Memorial-18"]
[Site "Polanica Zdroj"]
[Date "1980.08.22"]
[Round "13"]
[White "Barczay, Laszlo"]
[Black "Luczak, Andrzej"]
[Result "1-0"]
[WhiteElo "2450"]
[BlackElo "2430"]
[PlyCount "125"]
[EventDate "1980.08.06"]
[EventType "tourn"]
[EventRounds "13"]
[EventCountry "POL"]
[EventCategory "8"]
[SourceTitle "MCD"]
[Source "ChessBase"]
[SourceDate "1999.07.01"]
[SourceVersion "1"]
[SourceVersionDate "1999.07.01"]
[SourceQuality "1"]

1. g3 d5 2. Bg2 Nf6 3. d3 e6 4. f4 c5 5. Nf3 Nc6 6. 0-0 Be7 7. Kh1 0-0 8. Qe1 b6 9. e4 dxe4 10. dxe4 Bb7 11. e5 Nd7 12. Be3 Qc7 13. Qe2 Rad8 14. Nc3 a6 15. Bg1 Ndb8 16. Ne4 Rd7 17. a3 Rfd8 18. c4 Na5 19. Rac1 Nbc6 20. Qc2 h6 21. h4 Qb8 22. b4 cxb4 23. Bxb6 b3 24. Qb2 Rf8 25. c5 Bd8 26. Bxd8 Nxd8 27. Nd6 Bd5 28. Nd4 Bxg2+ 29. Qxg2 Rc7 30. Rc3 Ndc6 31. Nxc6 Rxc6 32. Rb1 Qc7 33. Qf2 Qe7 34. Qd4 Qc7 35. Rb2 Rd8 36. Kh2 Rf8 37. g4 Qe7 38. g5 h5 39. Qe4 g6 40. Rcxb3 Rxc5 41. Rb8 Qa7 42. R8b7 Nxb7 43. Rxb7 Ra8 44. Rxa7 Rxa7 45. Qe3 Rac7 46. Ne4 Rc2+ 47. Kg3 Kg7 48. Kf3 a5 49. Qb6 a4 50. Ke3 Rc1 51. Qa5 R7c2 52. Qxa4 Ra2 53. Kd4 Rca1 54. Nc5 Rxa3 55. Nxe6+ Kh7 56. Qe8 Ra4+ 57. Kc5 fxe6 58. Qf7+ Kh8 59. Qf8+ Kh7 60. Qh6+ Kg8 61. Qxg6+ Kf8 62. Qf6+ Ke8 63. Qxe6+ 1-0